[Event "5MCR_4D_2L_2S"]
[Site "?"]
[Date "2002.??.??"]
[Round "?"]
[White "Doktor, Pavel"]
[Black "Soudny, Jiri"]
[Result "0-1"]
[WhiteElo "1955"]
[BlackElo "2190"]
[PlyCount "50"]
[EventDate "2002.??.??"]
[EventType "corr"]
[SourceDate "2004.??.??"]

1. e4 e6 2. d4 d5 3. e5 c5 4. Qg4 cxd4 5. Nf3 Nc6 6. Bd3 Qc7 7. Bf4 Nb4 8. Nxd4
Nxd3+ 9. cxd3 Qb6 10. Nb3 Qb4+ 11. Ke2 Ne7 12. Qf3 Ng6 13. g3 a5 14. Bd2 Qb6
15. Be3 Qc7 16. d4 a4 17. Rc1 Qb6 18. N3d2 Qxb2 19. Nc3 Qb6 20. Ke1 Qa5 21.
Rab1 Bb4 22. Nb5 Qxb5 23. a3 Bxd2+ 24. Bxd2 Qd7 25. Bb4 Ne7 0-1

[Event "5MCR_4D_2L_2S"]
[Site "?"]
[Date "2002.??.??"]
[Round "?"]
[White "Havel, Premysl"]
[Black "Bares, Jiri"]
[Result "0-1"]
[WhiteElo "1945"]
[BlackElo "2215"]
[PlyCount "74"]
[EventDate "2002.??.??"]
[EventType "corr"]
[SourceDate "2004.??.??"]

1. e4 c5 2. Nf3 d6 3. d4 cxd4 4. Nxd4 Nf6 5. Nc3 g6 6. Be3 Bg7 7. f3 Nc6 8. Qd2
Bd7 9. O-O-O Rc8 10. Nxc6 bxc6 11. Bc4 Qa5 12. Bh6 Bxh6 13. Qxh6 Rb8 14. Rhe1
Qb4 15. Bb3 Be6 16. a3 Qb7 17. e5 dxe5 18. Ne4 Bxb3 19. Qg7 Rf8 20. Nc5 Qb5 21.
Nxb3 a5 22. Qh6 a4 23. Rd3 e4 24. Qe3 axb3 25. Rxb3 Qe5 26. Rxb8+ Qxb8 27. fxe4
Ng4 28. Qc3 Ne5 29. a4 f6 30. b4 Kf7 31. b5 cxb5 32. Qb3+ Nc4 33. axb5 Rc8 34.
e5 Qa8 35. e6+ Kg7 36. Re2 Qa1+ 37. Qb1 Ra8 0-1

[Event "5MCR_4D_2L_2S"]
[Site "?"]
[Date "2002.??.??"]
[Round "?"]
[White "Havel, Premysl"]
[Black "Binas, Jindrich"]
[Result "0-1"]
[WhiteElo "1945"]
[BlackElo "2195"]
[PlyCount "90"]
[EventDate "2002.??.??"]
[EventType "corr"]
[SourceDate "2004.??.??"]

1. e4 c5 2. Nf3 d6 3. d4 cxd4 4. Nxd4 Nf6 5. Nc3 g6 6. Be3 Bg7 7. f3 O-O 8. Qd2
Nc6 9. O-O-O d5 10. h4 dxe4 11. h5 Nxd4 12. Bxd4 e5 13. Bc5 Qxd2+ 14. Rxd2 e3
15. Rd3 Nxh5 16. Bxf8 Bxf8 17. Rd8 Kg7 18. Bc4 Nf6 19. Na4 e4 20. fxe4 Nxe4 21.
Re1 Be7 22. Re8 Bh4 23. Rxe3 Nd6 24. R3e4 Bg5+ 25. Kb1 Nxe4 26. Rxe4 Bf5 27.
Re2 Rd8 28. Nc3 Bf6 29. Kc1 h5 30. Rf2 Bg5+ 31. Kb1 Rd2 32. Rxd2 Bxd2 33. Bd3
Bxc3 34. bxc3 h4 35. Kc1 h3 36. gxh3 Bxh3 37. Be4 b6 38. Bd3 g5 39. a3 f5 40.
Kd1 f4 41. Be4 Kf6 42. Bd5 Ke5 43. Bc6 g4 44. Ke2 g3 45. Kf3 Be6 0-1

[Event "5MCR_4D_2L_2S"]
[Site "?"]
[Date "2002.??.??"]
[Round "?"]
[White "Havel, Premysl"]
[Black "Bultman, Milan"]
[Result "0-1"]
[WhiteElo "1945"]
[BlackElo "2280"]
[PlyCount "64"]
[EventDate "2002.??.??"]
[EventType "corr"]
[SourceDate "2004.??.??"]

1. e4 c5 2. Nf3 d6 3. d4 cxd4 4. Nxd4 Nf6 5. Nc3 Nc6 6. Bb5 Bd7 7. O-O g6 8.
Bxc6 bxc6 9. Re1 Bg7 10. e5 dxe5 11. Rxe5 Nd5 12. Re1 Nxc3 13. bxc3 c5 14. Ne2
O-O 15. Be3 Rc8 16. Qc1 e5 17. Bh6 Bxh6 18. Qxh6 Qa5 19. Ng3 f6 20. Ne4 Bc6 21.
Qh3 Bxe4 22. Rxe4 Rb8 23. a4 Rf7 24. f4 exf4 25. Rxf4 Re8 26. Qg3 Qc7 27. Qf3
f5 28. Rf1 Qe5 29. c4 Rd8 30. Qf2 Rfd7 31. Qe1 Qxe1 32. Rxe1 Rd1 0-1

[Event "5MCR_4D_2L_2S"]
[Site "?"]
[Date "2002.??.??"]
[Round "?"]
[White "Havel, Premysl"]
[Black "Canibal, Jaromir"]
[Result "0-1"]
[WhiteElo "1995"]
[BlackElo "2230"]
[PlyCount "30"]
[EventDate "2002.??.??"]
[EventType "corr"]
[SourceDate "2004.??.??"]

1. e4 e5 2. Nf3 Nf6 3. Bb5 c6 4. Bd3 d5 5. Qe2 Bd6 6. exd5 O-O 7. Ng5 e4 8.
Nxe4 Nxe4 9. Bxe4 f5 10. dxc6 fxe4 11. cxb7 Bxb7 12. Nc3 Qh4 13. Qc4+ Kh8 14.
Nd1 Nc6 15. d4 Nb4 0-1

[Event "5MCR_4D_2L_2S"]
[Site "?"]
[Date "2002.??.??"]
[Round "?"]
[White "Havel, Premysl"]
[Black "Paukert, Martin"]
[Result "0-1"]
[WhiteElo "1945"]
[BlackElo "2030"]
[PlyCount "66"]
[EventDate "2002.??.??"]
[EventType "corr"]
[SourceDate "2004.??.??"]

1. e4 e5 2. Nf3 Nf6 3. d4 Nxe4 4. Bd3 d5 5. Nxe5 Bd6 6. O-O O-O 7. c4 Bxe5 8.
dxe5 Nc6 9. cxd5 Qxd5 10. Qf3 Bf5 11. Re1 Rad8 12. Bxe4 Bxe4 13. Qg3 Bxb1 14.
Rxb1 Nxe5 15. Bg5 f6 16. Bxf6 Rxf6 17. Qxe5 Qxe5 18. Rxe5 Rd2 19. f3 Rc6 20.
Rbe1 Rxb2 21. Re8+ Kf7 22. a4 a6 23. R8e7+ Kf6 24. R7e4 h6 25. h4 g5 26. hxg5+
hxg5 27. f4 Rbc2 28. fxg5+ Kxg5 29. Re5+ Kf6 30. R5e4 Rc1 31. Re6+ Rxe6 32.
Rxc1 c6 33. a5 Re5 0-1

[Event "5MCR_4D_2L_2S"]
[Site "?"]
[Date "2002.??.??"]
[Round "?"]
[White "Havel, Premysl"]
[Black "Smetana, Miroslav"]
[Result "1/2-1/2"]
[WhiteElo "1945"]
[BlackElo "2200"]
[PlyCount "39"]
[EventDate "2002.??.??"]
[EventType "corr"]
[SourceDate "2004.??.??"]

1. e4 c5 2. Nf3 d6 3. d4 cxd4 4. Nxd4 Nf6 5. Nc3 g6 6. Be3 Bg7 7. f3 O-O 8. Qd2
Nc6 9. O-O-O d5 10. h4 dxe4 11. h5 Nxd4 12. Bxd4 e5 13. Bc5 Qxd2+ 14. Rxd2 Bh6
15. Bxf8 Bxd2+ 16. Kxd2 Kxf8 17. hxg6 hxg6 18. Nxe4 Nxe4+ 19. fxe4 Kg7 20. Bc4
1/2-1/2

[Event "5MCR_4D_2L_2S"]
[Site "?"]
[Date "2002.??.??"]
[Round "?"]
[White "Novotny, Viktor"]
[Black "Doktor, Pavel"]
[Result "1/2-1/2"]
[WhiteElo "1800"]
[BlackElo "1955"]
[PlyCount "40"]
[EventDate "2002.??.??"]
[EventType "corr"]
[SourceDate "2004.??.??"]

1. d4 Nf6 2. c4 e6 3. g3 d5 4. Bg2 dxc4 5. Qa4+ Nbd7 6. Nf3 c5 7. Qxc4 a6 8.
dxc5 Bxc5 9. O-O b5 10. Qh4 Bb7 11. Nbd2 O-O 12. Nb3 Be7 13. Qd4 Nc5 14. Nxc5
Qxd4 15. Nxd4 Bxg2 16. Kxg2 Bxc5 17. Nf3 Rac8 18. Bf4 Ne4 19. Rac1 Rfd8 20. Ne5
Kf8 1/2-1/2

[Event "5MCR_4D_2L_2S"]
[Site "?"]
[Date "2002.??.??"]
[Round "?"]
[White "Novotny, Viktor"]
[Black "Havel, Premysl"]
[Result "1-0"]
[WhiteElo "1800"]
[BlackElo "1945"]
[PlyCount "87"]
[EventDate "2002.??.??"]
[EventType "corr"]
[SourceDate "2004.??.??"]

1. e4 e5 2. Nf3 Nc6 3. Bb5 a6 4. Ba4 Nf6 5. O-O Be7 6. Re1 b5 7. Bb3 O-O 8. c3
d5 9. exd5 Nxd5 10. Nxe5 Nxe5 11. Rxe5 c6 12. d4 Bd6 13. Re1 Qh4 14. g3 Qh3 15.
Be3 Bg4 16. Qd3 Rae8 17. Nd2 Re6 18. Bd1 Rxe3 19. Rxe3 Nxe3 20. Qxe3 Be6 21.
Bf3 Bd7 22. Bg2 Qg4 23. Qf3 Qg6 24. Ne4 Be7 25. Qf4 Kh8 26. Re1 Rc8 27. Nc5 Bd6
28. Qd2 Bxc5 29. dxc5 Re8 30. Rxe8+ Bxe8 31. Qd6 Kg8 32. Qxg6 hxg6 33. b4 f5
34. f4 Kf8 35. Kf2 Ke7 36. Ke3 Kd7 37. Kd4 Bf7 38. a3 Bc4 39. a4 Be2 40. a5 Kc7
41. h4 Kd7 42. Ke5 Bd1 43. Bf1 Bb3 44. Be2 1-0

[Event "5MCR_4D_2L_2S"]
[Site "?"]
[Date "2002.??.??"]
[Round "?"]
[White "Novotny, Viktor"]
[Black "Soudny, Jiri"]
[Result "1/2-1/2"]
[WhiteElo "1800"]
[BlackElo "2190"]
[PlyCount "29"]
[EventDate "2002.??.??"]
[EventType "corr"]
[SourceDate "2004.??.??"]

1. e4 e6 2. d4 d5 3. Nd2 Nf6 4. e5 Nfd7 5. Bd3 c5 6. c3 Nc6 7. Ngf3 g6 8. h4
Qb6 9. h5 g5 10. Nxg5 cxd4 11. cxd4 Qxd4 12. Ndf3 Qb4+ 13. Kf1 h6 14. Nh7 Ndxe5
15. Nxf8 1/2-1/2

[Event "5MCR_4D_2L_2S"]
[Site "?"]
[Date "2002.??.??"]
[Round "?"]
[White "Novotny, Viktor"]
[Black "Strnad, Martin"]
[Result "1/2-1/2"]
[WhiteElo "1800"]
[BlackElo "2120"]
[PlyCount "63"]
[EventDate "2002.??.??"]
[EventType "corr"]
[SourceDate "2004.??.??"]

1. d4 d5 2. c4 e6 3. Nc3 Nf6 4. Nf3 Be7 5. Bg5 h6 6. Bxf6 Bxf6 7. cxd5 exd5 8.
e3 c6 9. Qc2 O-O 10. Bd3 Bg4 11. Nd2 Re8 12. O-O Nd7 13. b4 Be7 14. Rab1 a6 15.
Bf5 Bxf5 16. Qxf5 Bd6 17. Na4 Qc7 18. g3 Nf6 19. Rfc1 Ra7 20. Nc5 b6 21. Nd3
Ne4 22. Rb2 a5 23. Rbc2 g6 24. Qh3 axb4 25. Rxc6 Qe7 26. Nxe4 dxe4 27. Nf4 Bxf4
28. gxf4 Kh7 29. Rxb6 Rxa2 30. Rc5 Rea8 31. f5 Rg8 32. f6 1/2-1/2

[Event "5MCR_4D_2L_2S"]
[Site "?"]
[Date "2002.??.??"]
[Round "?"]
[White "Novotny, Viktor"]
[Black "Vilimek, Pavel"]
[Result "1/2-1/2"]
[WhiteElo "1800"]
[BlackElo "2080"]
[PlyCount "43"]
[EventDate "2002.??.??"]
[EventType "corr"]
[SourceDate "2004.??.??"]

1. e4 c5 2. c3 Nf6 3. e5 Nd5 4. d4 cxd4 5. Nf3 Nc6 6. cxd4 d6 7. Nc3 dxe5 8.
dxe5 Nxc3 9. Qxd8+ Nxd8 10. bxc3 Bd7 11. Nd4 Rc8 12. Be3 g6 13. Kd2 Bg7 14. f4
O-O 15. Rb1 b6 16. Ba6 Rc7 17. Nb5 Rc4 18. Nxa7 Ra4 19. Rxb6 Rxa2+ 20. Kd3 Bf5+
21. Kc4 Be6+ 22. Kd3 1/2-1/2

[Event "5MCR_4D_2L_2S"]
[Site "?"]
[Date "2002.??.??"]
[Round "?"]
[White "Novotny, Viktor"]
[Black "Vondracek, Emil"]
[Result "1/2-1/2"]
[WhiteElo "1800"]
[BlackElo "2285"]
[PlyCount "83"]
[EventDate "2002.??.??"]
[EventType "corr"]
[SourceDate "2004.??.??"]

1. e4 e5 2. Nf3 Nc6 3. Bb5 a6 4. Ba4 Nf6 5. O-O b5 6. Bb3 Bb7 7. d3 Be7 8. c3
O-O 9. Qe2 d6 10. Rd1 Re8 11. Bg5 Na5 12. Bc2 c5 13. Nbd2 h6 14. Bh4 Nh5 15.
Bxe7 Qxe7 16. Qe3 Nf4 17. g3 Nh3+ 18. Kg2 Qe6 19. d4 exd4 20. cxd4 Qg4 21. Ne1
Ng5 22. dxc5 dxc5 23. f3 Qc8 24. Rac1 Ne6 25. Nd3 c4 26. Nb4 Nc6 27. Nd5 Ng5
28. b3 Ne7 29. Nxe7+ Rxe7 30. bxc4 bxc4 31. Ba4 Qh3+ 32. Kg1 f5 33. Qc5 Rf7 34.
Qxc4 fxe4 35. Bb3 e3 36. Qe2 exd2 37. Bxf7+ Kh8 38. Rc3 Qf5 39. Bh5 Nh3+ 40.
Kg2 Qxh5 41. Rxd2 Ng5 42. h4 1/2-1/2

[Event "5MCR_4D_2L_2S"]
[Site "?"]
[Date "2002.??.??"]
[Round "?"]
[White "Paukert, Martin"]
[Black "Binas, Jindrich"]
[Result "1/2-1/2"]
[WhiteElo "2030"]
[BlackElo "2195"]
[PlyCount "46"]
[EventDate "2002.??.??"]
[EventType "corr"]
[SourceDate "2004.??.??"]

1. e4 c5 2. Nf3 d6 3. d4 cxd4 4. Qxd4 Bg4 5. Qe3 Nf6 6. Bb5+ Bd7 7. Bxd7+ Nbxd7
8. O-O g6 9. e5 dxe5 10. Nxe5 Nxe5 11. Qxe5 Qd5 12. Bf4 Qxe5 13. Bxe5 Bg7 14.
c4 O-O 15. Nc3 Rfd8 16. Rad1 Rac8 17. Rxd8+ Rxd8 18. Rd1 Rxd1+ 19. Nxd1 Nd7 20.
Bxg7 Kxg7 21. Kf1 Kf6 22. Ke2 Ke5 23. Ke3 g5 1/2-1/2

[Event "5MCR_4D_2L_2S"]
[Site "?"]
[Date "2002.??.??"]
[Round "?"]
[White "Paukert, Martin"]
[Black "Bultman, Milan"]
[Result "1/2-1/2"]
[WhiteElo "2030"]
[BlackElo "2280"]
[PlyCount "84"]
[EventDate "2002.??.??"]
[EventType "corr"]
[SourceDate "2004.??.??"]

1. e4 c5 2. Nf3 d6 3. d4 cxd4 4. Nxd4 Nf6 5. Nc3 Nc6 6. Bc4 Bd7 7. O-O g6 8.
Nxc6 Bxc6 9. Bg5 Bg7 10. Nd5 Bxd5 11. exd5 O-O 12. Re1 Qc8 13. Bb3 Qf5 14. Bh4
Rfe8 15. c3 a6 16. Qe2 Rac8 17. Rad1 b5 18. Rd3 Qg4 19. Bxf6 Qxe2 20. Rxe2 Bxf6
21. a4 Rc7 22. g3 Rb8 23. Kg2 g5 24. h3 Kg7 25. Kf3 h5 26. axb5 Rcb7 27. Bd1
axb5 28. Re4 b4 29. cxb4 Rxb4 30. b3 h4 31. Rde3 Bd4 32. Re1 e5 33. dxe6 f5 34.
R4e2 Bc3 35. e7 Bxe1 36. e8=Q Rxe8 37. Rxe8 g4+ 38. hxg4 fxg4+ 39. Kg2 h3+ 40.
Kg1 h2+ 41. Kxh2 Bxf2 42. Kg2 Bc5 1/2-1/2

[Event "5MCR_4D_2L_2S"]
[Site "?"]
[Date "2002.??.??"]
[Round "?"]
[White "Paukert, Martin"]
[Black "Novotny, Viktor"]
[Result "1-0"]
[WhiteElo "2030"]
[BlackElo "1800"]
[PlyCount "79"]
[EventDate "2002.??.??"]
[EventType "corr"]
[SourceDate "2004.??.??"]

1. e4 c5 2. Nf3 d6 3. d4 cxd4 4. Nxd4 Nf6 5. Nc3 a6 6. Be2 e6 7. f4 Be7 8. Be3
Qc7 9. O-O O-O 10. g4 Nc6 11. g5 Nd7 12. f5 Qb6 13. Na4 Qa5 14. fxe6 fxe6 15.
Rxf8+ Nxf8 16. Nxc6 bxc6 17. Nb6 Rb8 18. Nxc8 Rxc8 19. Qd2 Qe5 20. c3 a5 21.
Bd3 Ng6 22. Rf1 a4 23. Ba6 Rb8 24. Bd3 Qa5 25. b4 axb3 26. axb3 Rxb3 27. Bc4
Rxc3 28. Bxe6+ Kh8 29. Rb1 Bf8 30. Qf2 Qc7 31. Rf1 Qe7 32. Bf5 Ne5 33. Bg4 Ng6
34. h4 Rxe3 35. Qxe3 Nxh4 36. Bh5 Ng6 37. Bxg6 hxg6 38. Kg2 Kg8 39. Qf4 Qe8 40.
e5 1-0

[Event "5MCR_4D_2L_2S"]
[Site "?"]
[Date "2002.??.??"]
[Round "?"]
[White "Paukert, Martin"]
[Black "Smetana, Miroslav"]
[Result "1/2-1/2"]
[WhiteElo "2030"]
[BlackElo "2200"]
[PlyCount "44"]
[EventDate "2002.??.??"]
[EventType "corr"]
[SourceDate "2004.??.??"]

1. e4 c5 2. Nf3 d6 3. d4 cxd4 4. Qxd4 a6 5. c4 Nc6 6. Qd2 g6 7. Nc3 Bh6 8. Qc2
Bg7 9. Be3 Nf6 10. Be2 O-O 11. O-O Bg4 12. Rad1 Nd7 13. Nd4 Bxe2 14. Qxe2 Rc8
15. Nxc6 Rxc6 16. Nd5 Re8 17. b3 Qa5 18. Bg5 f6 19. Bd2 Qd8 20. Be3 Rc8 21. Qd2
Rb8 22. Rfe1 Qc8 1/2-1/2

[Event "5MCR_4D_2L_2S"]
[Site "?"]
[Date "2002.??.??"]
[Round "?"]
[White "Paukert, Martin"]
[Black "Strnad, Martin"]
[Result "1/2-1/2"]
[WhiteElo "2030"]
[BlackElo "2120"]
[PlyCount "62"]
[EventDate "2002.??.??"]
[EventType "corr"]
[SourceDate "2004.??.??"]

1. e4 e5 2. Nf3 Nf6 3. Nxe5 d6 4. Nf3 Nxe4 5. d4 d5 6. Bd3 Bd6 7. O-O O-O 8. c4
c6 9. Nc3 Nxc3 10. bxc3 dxc4 11. Bxc4 Bg4 12. Qd3 Nd7 13. Ng5 Nf6 14. h3 Bh5
15. f4 h6 16. g4 hxg5 17. fxg5 b5 18. Bb3 Nxg4 19. hxg4 Qd7 20. gxh5 Qg4+ 21.
Kf2 Rae8 22. Rg1 Qh4+ 23. Kg2 Qh2+ 24. Kf1 Bf4 25. Qf3 Re1+ 26. Kxe1 Qxg1+ 27.
Ke2 Bxc1 28. Rxc1 Qxc1 29. g6 Re8+ 30. Kd3 Qb1+ 31. Kd2 Qe1+ 1/2-1/2

[Event "5MCR_4D_2L_2S"]
[Site "?"]
[Date "2002.??.??"]
[Round "?"]
[White "Paukert, Martin"]
[Black "Vilimek, Pavel"]
[Result "1/2-1/2"]
[WhiteElo "2030"]
[BlackElo "2080"]
[PlyCount "50"]
[EventDate "2002.??.??"]
[EventType "corr"]
[SourceDate "2004.??.??"]

1. e4 e5 2. Nf3 Nc6 3. Bb5 a6 4. Ba4 Nf6 5. O-O Be7 6. Re1 b5 7. Bb3 d6 8. c3
O-O 9. h3 h6 10. d4 Re8 11. Nbd2 Bf8 12. d5 Ne7 13. a4 Bd7 14. c4 Ng6 15. axb5
axb5 16. Rxa8 Qxa8 17. cxb5 Bxb5 18. Nb1 Rb8 19. Nc3 Bd7 20. Be3 c5 21. Nd2 Be7
22. Qc2 Nh5 23. Ba4 Bxa4 24. Nxa4 Nhf4 25. Nc4 Qa6 1/2-1/2

[Event "5MCR_4D_2L_2S"]
[Site "?"]
[Date "2002.??.??"]
[Round "?"]
[White "Smetana, Miroslav"]
[Black "Doktor, Pavel"]
[Result "1-0"]
[WhiteElo "2200"]
[BlackElo "1955"]
[PlyCount "57"]
[EventDate "2002.??.??"]
[EventType "corr"]
[SourceDate "2004.??.??"]

1. e4 e6 2. d4 d5 3. Nc3 Bb4 4. Nge2 dxe4 5. a3 Be7 6. Nxe4 Nc6 7. Bf4 Nf6 8.
Qd3 O-O 9. O-O-O e5 10. Bxe5 Nxe5 11. dxe5 Qxd3 12. cxd3 Ng4 13. d4 f5 14. exf6
gxf6 15. f3 f5 16. fxg4 fxe4 17. h3 Bg5+ 18. Kb1 Be6 19. d5 Bd7 20. Nc3 Rae8
21. Bc4 Kh8 22. Rhf1 e3 23. Rxf8+ Rxf8 24. Ne4 Ba4 25. Re1 Bf4 26. Nc5 b5 27.
Ne6 Rf7 28. Bd3 Bd6 29. Ka2 1-0

[Event "5MCR_4D_2L_2S"]
[Site "?"]
[Date "2002.??.??"]
[Round "?"]
[White "Smetana, Miroslav"]
[Black "Novotny, Viktor"]
[Result "1/2-1/2"]
[WhiteElo "2200"]
[BlackElo "1800"]
[PlyCount "104"]
[EventDate "2002.??.??"]
[EventType "corr"]
[SourceDate "2004.??.??"]

1. e4 c5 2. c3 e6 3. d4 d5 4. exd5 Qxd5 5. Na3 a6 6. Nc4 Nd7 7. Nf3 Ngf6 8. Be2
cxd4 9. Nxd4 Bc5 10. O-O O-O 11. Nb3 Ba7 12. Qc2 e5 13. Be3 b5 14. Rad1 Qe6 15.
Bxa7 Rxa7 16. Nd6 Bb7 17. Nxb7 Rxb7 18. Rfe1 Rc7 19. Bd3 g6 20. a3 Re8 21. Nd4
Qb6 22. Nf3 Rcc8 23. h3 Rcd8 24. Bf1 Kg7 25. b4 e4 26. Nd4 Rc8 27. a4 bxa4 28.
Re3 Nd5 29. Nf5+ gxf5 30. Rxd5 Qe6 31. Ra5 f4 32. Re1 Nb8 33. c4 e3 34. Qc3+ f6
35. fxe3 fxe3 36. Rxa4 Re7 37. c5 Rce8 38. b5 axb5 39. Bxb5 Rc8 40. Rg4+ Kh8
41. Rg3 Qe5 42. Rexe3 Qxc3 43. Rxc3 Nd7 44. c6 Ne5 45. Kf2 Rec7 46. Rc5 Rd8 47.
Re3 h5 48. g3 Rd2+ 49. Re2 Rd6 50. Ke3 Re6 51. Rc3 Kg7 52. Ra2 Kg6 1/2-1/2

[Event "5MCR_4D_2L_2S"]
[Site "?"]
[Date "2002.??.??"]
[Round "?"]
[White "Smetana, Miroslav"]
[Black "Soudny, Jiri"]
[Result "1/2-1/2"]
[WhiteElo "2200"]
[BlackElo "2190"]
[PlyCount "59"]
[EventDate "2002.??.??"]
[EventType "corr"]
[SourceDate "2004.??.??"]

1. e4 e6 2. d4 d5 3. Nc3 Nf6 4. Bg5 dxe4 5. Nxe4 Be7 6. Bxf6 Bxf6 7. Nf3 O-O 8.
Qd2 Nd7 9. O-O-O Be7 10. Bd3 b6 11. h4 Bb7 12. c3 c5 13. Neg5 h6 14. Bh7+ Kh8
15. Bc2 Qc7 16. Qd3 Nf6 17. Ne5 Bd6 18. Rhe1 c4 19. Ngxf7+ Rxf7 20. Qg6 Kg8 21.
g4 Kf8 22. f4 Bxe5 23. dxe5 Bf3 24. Rd6 Nxg4 25. Bd1 Rxf4 26. Bxf3 Nxe5 27.
Rxe5 Qxd6 28. Rxe6 Qd7 29. Qg3 Rf7 30. Rd6 1/2-1/2

[Event "5MCR_4D_2L_2S"]
[Site "?"]
[Date "2002.??.??"]
[Round "?"]
[White "Smetana, Miroslav"]
[Black "Strnad, Martin"]
[Result "1-0"]
[WhiteElo "2200"]
[BlackElo "2120"]
[PlyCount "81"]
[EventDate "2002.??.??"]
[EventType "corr"]
[SourceDate "2004.??.??"]

1. e4 e5 2. Nf3 Nc6 3. Bb5 Nf6 4. O-O Nxe4 5. d4 Nd6 6. Bxc6 dxc6 7. dxe5 Nf5
8. Qxd8+ Kxd8 9. Nc3 Be6 10. Rd1+ Ke8 11. Ng5 Bc8 12. Ne2 Be7 13. Ne4 Nh4 14.
b3 f5 15. exf6 gxf6 16. Bf4 Bf5 17. N2g3 Bxe4 18. Nxe4 Rc8 19. h3 Ng6 20. Be3
f5 21. Nc5 f4 22. Bd4 Bxc5 23. Bxc5 Rg8 24. g3 b6 25. Ba3 Rd8 26. Rxd8+ Kxd8
27. Re1 c5 28. Bb2 c4 29. bxc4 Kd7 30. g4 Re8 31. Rxe8 Kxe8 32. Kg2 Nh4+ 33.
Kf1 f3 34. Kg1 Ng2 35. Kh2 Ne1 36. Kg3 Kf7 37. h4 c6 38. h5 c5 39. g5 Kg8 40.
a4 Kf8 41. Bc3 1-0

[Event "5MCR_4D_2L_2S"]
[Site "?"]
[Date "2002.??.??"]
[Round "?"]
[White "Smetana, Miroslav"]
[Black "Vilimek, Pavel"]
[Result "1/2-1/2"]
[WhiteElo "2200"]
[BlackElo "2080"]
[PlyCount "73"]
[EventDate "2002.??.??"]
[EventType "corr"]
[SourceDate "2004.??.??"]

1. e4 e5 2. Nf3 Nc6 3. Bb5 a6 4. Bxc6 dxc6 5. O-O f6 6. d4 Bg4 7. dxe5 Qxd1 8.
Rxd1 fxe5 9. Nbd2 O-O-O 10. Re1 Bd6 11. h3 Bh5 12. Nh4 Bf7 13. Nf5 g6 14. Nxd6+
cxd6 15. f4 Nf6 16. fxe5 dxe5 17. Nf3 Rhe8 18. b3 Bg8 19. Bb2 Nd7 20. Rad1 Re7
21. Rd2 Rf8 22. Red1 c5 23. Rf2 Kc7 24. Kf1 b6 25. Ke1 Rfe8 26. Nh2 Rf7 27. Ng4
h5 28. Rxd7+ Kxd7 29. Nf6+ Ke7 30. Nxe8 Kxe8 31. Rxf7 Kxf7 32. Bxe5 Ke6 33. Bc7
b5 34. Ke2 Bf7 35. Kf3 Kd7 36. Bb6 Kc6 37. Ba5 1/2-1/2

[Event "5MCR_4D_2L_2S"]
[Site "?"]
[Date "2002.??.??"]
[Round "?"]
[White "Smetana, Miroslav"]
[Black "Vondracek, Emil"]
[Result "1/2-1/2"]
[WhiteElo "2200"]
[BlackElo "2285"]
[PlyCount "71"]
[EventDate "2002.??.??"]
[EventType "corr"]
[SourceDate "2004.??.??"]

1. e4 e5 2. Nf3 Nc6 3. Bb5 a6 4. Bxc6 dxc6 5. O-O Bg4 6. h3 Bh5 7. g4 Bg6 8.
Nxe5 Bd6 9. Nxg6 hxg6 10. Qf3 Qh4 11. Kg2 O-O-O 12. d4 f6 13. Nd2 Re8 14. Rh1
Nh6 15. Nc4 Nf7 16. Bd2 Re7 17. e5 fxe5 18. Nxd6+ cxd6 19. d5 e4 20. Qc3 Ne5
21. Bf4 Rf8 22. Bg3 Qf6 23. dxc6 bxc6 24. Rhe1 d5 25. Qc5 Kb7 26. Rad1 Nd7 27.
Qb4+ Ka8 28. Re3 c5 29. Qa4 d4 30. Ra3 Nb8 31. Bxb8 Kxb8 32. Qxa6 Qxa6 33. Rxa6
e3 34. Rf1 Ref7 35. f3 g5 36. Rc6 1/2-1/2

[Event "5MCR_4D_2L_2S"]
[Site "?"]
[Date "2002.??.??"]
[Round "?"]
[White "Soudny, Jiri"]
[Black "Bares, Jiri"]
[Result "1-0"]
[WhiteElo "2190"]
[BlackElo "2215"]
[PlyCount "49"]
[EventDate "2002.??.??"]
[EventType "corr"]
[SourceDate "2004.??.??"]

1. d4 d5 2. c4 e6 3. Nc3 Nf6 4. Nf3 Bb4 5. Bg5 dxc4 6. e4 c5 7. Bxc4 cxd4 8.
Nxd4 Qa5 9. Bd2 Qc5 10. Bb5+ Bd7 11. Nb3 Qe7 12. Bd3 Nc6 13. a3 Bd6 14. O-O Rd8
15. f4 Bc8 16. e5 Bc5+ 17. Kh1 Rxd3 18. exf6 gxf6 19. Nxc5 Qxc5 20. Ne4 Qd4 21.
Qe1 Qxb2 22. Bc3 Qb3 23. Bxf6 Rg8 24. Qh4 Qc2 25. Bg5 1-0

[Event "5MCR_4D_2L_2S"]
[Site "?"]
[Date "2002.??.??"]
[Round "?"]
[White "Soudny, Jiri"]
[Black "Bultman, Milan"]
[Result "1-0"]
[WhiteElo "2190"]
[BlackElo "2280"]
[PlyCount "81"]
[EventDate "2002.??.??"]
[EventType "corr"]
[SourceDate "2004.??.??"]

1. d4 Nf6 2. c4 g6 3. Nc3 Bg7 4. e4 d6 5. Nf3 O-O 6. Be2 c5 7. O-O cxd4 8. Nxd4
Nc6 9. Be3 Bd7 10. Qd2 Ng4 11. Bxg4 Bxg4 12. f3 Bd7 13. Rac1 f5 14. exf5 Bxf5
15. Rfe1 Qa5 16. Nxc6 bxc6 17. Bg5 e5 18. Qxd6 Rab8 19. Qxc6 Rxb2 20. Qd5+ Qxd5
21. cxd5 a5 22. a3 h6 23. Be7 Rfb8 24. g4 Bd3 25. Bd6 Rc8 26. Bxe5 Bxe5 27.
Rxe5 Rd2 28. Re3 Kf7 29. Rd1 Rxd1+ 30. Nxd1 Bc4 31. Rc3 Ke7 32. f4 Ba6 33. Rxc8
Bxc8 34. Ne3 Ba6 35. h4 Kd6 36. Kf2 Bd3 37. Kg3 Be4 38. f5 Ke5 39. d6 Kxd6 40.
Kf4 Bd3 41. fxg6 1-0

[Event "5MCR_4D_2L_2S"]
[Site "?"]
[Date "2002.??.??"]
[Round "?"]
[White "Soudny, Jiri"]
[Black "Canibal, Jaromir"]
[Result "1-0"]
[WhiteElo "2190"]
[BlackElo "2230"]
[PlyCount "73"]
[EventDate "2002.??.??"]
[EventType "corr"]
[SourceDate "2004.??.??"]

1. d4 Nf6 2. c4 g6 3. Nc3 Bg7 4. e4 d6 5. Nf3 O-O 6. Be2 e5 7. O-O Nc6 8. d5
Ne7 9. b4 Nh5 10. Re1 a5 11. bxa5 Rxa5 12. Nd2 Nf4 13. Bf1 c5 14. a4 Ra6 15.
Ra3 Bd7 16. Nb5 Qc8 17. Bb2 Bh6 18. a5 f6 19. Bc3 Bg4 20. Qc2 Qd8 21. Rb1 Nc8
22. Rab3 Bd7 23. Qb2 b6 24. axb6 Qxb6 25. Ra1 Rxa1 26. Qxa1 f5 27. Ba5 Qa6 28.
Ra3 Qb7 29. Qd1 Bxb5 30. cxb5 Qd7 31. b6 Qb7 32. Rb3 fxe4 33. Nxe4 Kg7 34. Bc4
Rf7 35. h4 Kg8 36. g3 Nh5 37. Rf3 1-0

[Event "5MCR_4D_2L_2S"]
[Site "?"]
[Date "2002.??.??"]
[Round "?"]
[White "Soudny, Jiri"]
[Black "Havel, Premysl"]
[Result "1-0"]
[WhiteElo "2190"]
[BlackElo "1945"]
[PlyCount "52"]
[EventDate "2002.??.??"]
[EventType "corr"]
[SourceDate "2004.??.??"]

1. d4 Nf6 2. c4 e6 3. g3 d5 4. Bg2 Be7 5. Nf3 Nc6 6. O-O dxc4 7. Qa4 O-O 8.
Qxc4 Qd5 9. Qxd5 exd5 10. Bf4 Nb4 11. Nc3 c5 12. dxc5 Bxc5 13. a3 Nc6 14. Bg5
Be7 15. Bxf6 Bxf6 16. Nxd5 Bxb2 17. Ra2 Bd4 18. Nxd4 Nxd4 19. Ne7+ Kh8 20. Nxc8
Raxc8 21. Bxb7 Rc2 22. Rxc2 Nxc2 23. Be4 Nxa3 24. Ra1 Nb5 25. Bd3 Nd4 26. Rxa7
f5 1-0

[Event "5MCR_4D_2L_2S"]
[Site "?"]
[Date "2002.??.??"]
[Round "?"]
[White "Soudny, Jiri"]
[Black "Paukert, Martin"]
[Result "1/2-1/2"]
[WhiteElo "2190"]
[BlackElo "2030"]
[PlyCount "43"]
[EventDate "2002.??.??"]
[EventType "corr"]
[SourceDate "2004.??.??"]

1. d4 d5 2. c4 dxc4 3. Nf3 a6 4. e3 Nf6 5. Bxc4 e6 6. O-O c5 7. Bb3 Nc6 8. Nc3
cxd4 9. exd4 Be7 10. Re1 O-O 11. a3 b5 12. d5 exd5 13. Nxd5 Nxd5 14. Qxd5 Bb7
15. Qh5 Qd3 16. Ba2 Qg6 17. Qxg6 hxg6 18. Bg5 Bf6 19. Bxf6 gxf6 20. Rad1 Rfd8
21. h4 b4 22. Bd5 1/2-1/2